000 01060nam0a2200325 4500
001 RU\NLR\bibl\103381
005 20260406073114.0
010 _a5-08-003810-1
_910000
021 _aRU
_b2000-14139
_9683
035 _a(NLR Aleph) 000101129
090 _a571030
_c571030
100 _a20000814d2000 |||y0rusy50 ca
101 0 _arus
102 _aRU
105 _aa |||||||||
200 1 _aЯ маленьким был
_e[Стихи
_eДля мл. шк. возраста]
_fЯ. Аким
_g[Рис. Елены Попковой]
210 _aМ.
_cДет. лит.
_d2000
215 _a22,[10] с.
_cцв. ил.
_d24
225 1 _aКнига за книгой
686 _aШ9(2)60=Р7-5
700 1 _4070
_7ca
_8rus
_aАким
_bЯ. Л.
_gЯков Лазаревич
_f1923-2013
_3RU\NLR\AUTH\7731154
_914165
801 0 _aRU
_bNLR
_c20000814
_gPSBO
801 1 _aRU
_bNLR
_c20000814
830 _aАвт. по кн.
852 _aNLR
_j2000-7/1264
942 _cBOOK
980 _aNB